| Tag |
First Indicator |
Second Indicator |
Subfields |
| LEADER |
00000cam a22000001 4500 |
| 001 |
in00000063675 |
| 005 |
20151008050640.0 |
| 008 |
740504s1967 njub b 00010 eng |
| 010 |
|
|
|a 67005249
|
| 035 |
|
|
|a (OCoLC)00412266
|
| 035 |
|
|
|9 AAG2389AM
|
| 040 |
|
|
|a DLC
|c DLC
|d TXA
|d UtOrBLW
|
| 043 |
|
|
|a a-cc---
|
| 049 |
|
|
|a TXAM
|c [474182]
|
| 050 |
0 |
0 |
|a DS777.55
|b .P43 1967
|
| 082 |
0 |
|
|a 330.951
|
| 092 |
|
|
|a 330.951
|b P497c
|
| 100 |
1 |
|
|a Petrov, V. P.
|q (Viktor Porfirievich),
|d 1907-
|
| 245 |
1 |
0 |
|a China: emerging world power /
|c by Victor P. Petrov.
|
| 264 |
|
1 |
|a Princeton, N.J. :
|b Van Nostrand,
|c [1967]
|
| 300 |
|
|
|a vi, 138 pages :
|b 4 maps. ;
|c 21 cm.
|
| 336 |
|
|
|a text
|b txt
|2 rdacontent
|
| 337 |
|
|
|a unmediated
|b n
|2 rdamedia
|
| 338 |
|
|
|a volume
|b nc
|2 rdacarrier
|
| 490 |
0 |
|
|a Van Nostrand searchlight book, 36
|
| 504 |
|
|
|a Bibliography: pages 132-134.
|
| 651 |
|
0 |
|a China.
|
| 651 |
|
0 |
|a China
|x Economic conditions.
|
| 999 |
|
|
|a MARS
|
| 999 |
f |
f |
|s 26181d91-5af3-3f0c-b00c-f4b3dbd862ea
|i 1fcf5c8e-47cd-36dc-9ab0-655c8ba15001
|t 0
|
| 952 |
f |
f |
|p ric
|a Texas A&M University
|b Rellis Campus
|c Joint Library Facility
|d Remote Storage
|t 0
|e DS777.55 .P43 1967
|h Library of Congress classification
|i unmediated -- volume
|m A14800703891
|
| 998 |
f |
f |
|a DS777.55 .P43 1967
|t 0
|l Remote Storage
|